Flagi - zaznaczanie pól - Statystyki

Ogólne statystyki
  • Ten quiz został rozwiązany 64 razy
  • Średni wynik to 27 z 30
Statystyki odpowiedzi
Zagadnienie Komórka Select % Poprawnych
Flaga Hongkongu Tak
96%
Flaga Hongkongu Nie
96%
Flaga Hongkongu Nie
96%
Flaga Hongkongu Nie
96%
Flaga Hongkongu Nie
96%
Flaga Hongkongu Nie
96%
Flaga Królestwa Niderlandów (Holandii) Nie
96%
Flaga Królestwa Niderlandów (Holandii) Nie
96%
Flaga Królestwa Niderlandów (Holandii) Nie
96%
Flaga Polinezji Francuskiej Nie
96%
Flaga Polinezji Francuskiej Nie
96%
Flaga Fidżi Nie
94%
Flaga Fidżi Nie
94%
Flaga Fidżi Nie
94%
Flaga Guernsey Nie
94%
Flaga Guernsey Nie
94%
Flaga Guernsey Nie
94%
Flaga Królestwa Niderlandów (Holandii) Nie
94%
Flaga Królestwa Niderlandów (Holandii) Tak
94%
Flaga Fidżi Nie
92%
Flaga Fidżi Nie
92%
Flaga Królestwa Niderlandów (Holandii) Nie
92%
Flaga Polinezji Francuskiej Nie
92%
Flaga Fidżi Tak
90%
Flaga Guernsey Nie
88%
Flaga Polinezji Francuskiej Nie
80%
Flaga Polinezji Francuskiej Nie
78%
Flaga Guernsey Nie
59%
Flaga Polinezji Francuskiej Tak
59%
Flaga Guernsey Tak
57%
Nie znaleziono quizów pasujących do podanych kryteriów
Rozkład punktacji
Procent ludzi z każdym wynikiem
Percentyl według liczby udzielonych odpowiedzi
Twoja historia wyników
Nie rozwiązałeś tego quizu